Statistics for GUESS THE LOGO

Click here to take the quiz!

General Stats

  • This quiz has been taken 320 times
  • The average score is 6 of 7

Answer Stats

Answer% Correct
Google
100%
facebook
92%
YouTube
92%
Microsoft
91%
Safari
91%
Internet explorer
54%
Mozilla Firefox
31%

Score Distribution

Percentile by Number Answered

Percent of People with Each Score

Your Score History

You have not taken this quiz